000 00323nam a22001337a 4500
008 170623b xxu||||| |||| 00| 0 eng d
020 _a9780830839797
041 _aeng
080 _a32
100 _a21
101 _aSHP
245 _aPOWER,POLITICS AND THE FRAGMENATION OF EVANGELICALISM
_cCOLLINS,K.J
942 _2udc
_cBK
999 _c19024
_d19024